000 00980nam0a2200313 4500
001 RU\NLR\bibl\839337
005 20250614144601.0
010 _a5-699-12622-8
_911000
021 _aRU
_b2005-49163
_92393
035 _a(NLR Aleph) 000828164
090 _a1343797
_c1343797
100 _a20050912d2005 |||y0rusy50 ca
101 0 _arus
102 _aRU
105 _aa |||||||||
200 1 _aОтраженная угроза
_e[фантастический роман]
_fМихаил Тырин
_g[худож. В. Нартов]
210 _aМосква
_cЭксмо
_d2005
215 _a379, [1] с.
_cил.
_d21
225 1 _aАбсолютное оружие
686 _aШ6(2=Р)75-445
700 1 _aТырин
_bМ. Ю.
_gМихаил Юрьевич
_4070
801 0 _aRU
_bNLR
_c20050912
_grcr
801 1 _aRU
_bNLR
_c20050912
830 _aАвт. по кн.
942 _cBOOK
980 _aNB